Μπροστά στη σημαία : face au drapeau
Αποθηκεύτηκε σε:
| Κύριος συγγραφέας: | |
|---|---|
| Άλλοι συγγραφείς: | , |
| Μορφή: | Βιβλίο |
| Γλώσσα: | Greek French |
| Δημοσίευση: |
Αθήνα :
Αστήρ,
1973.
|
| Σειρά: | Βιβλιοθήκη Ιουλίου Βέρν ;
42 |
| Θέματα: | |
| Ετικέτες: |
Προσθήκη ετικέτας
Δεν υπάρχουν, Καταχωρήστε ετικέτα πρώτοι!
|
MARC
| LEADER | 00000cam a2200000 i 4500 | ||
|---|---|---|---|
| 001 | 1/20777 | ||
| 008 | 051215s1973 gr | ||| |||| ||gre|| | ||
| 035 | |l 10081700 | ||
| 040 | |a GR-MyUA |b gre |e AACR2 | ||
| 041 | 1 | |a gre |a fre | |
| 082 | 0 | |a 843.3 |2 (22) | |
| 100 | 1 | |a Verne, Jules, |d 1828-1905. | |
| 245 | 1 | 0 | |a Μπροστά στη σημαία : |b face au drapeau / |c Ιουλίου Βέρν ; μετάφραση Κ.Σφαέλλου - Βενιζέλου ; εικόνες L. Bennet. |
| 260 | |a Αθήνα : |b Αστήρ, |c 1973. | ||
| 300 | |a 263 σ. ; |c 20 εκ. | ||
| 490 | 1 | |a (Βιβλιοθήκη Ιουλίου Βέρν |v ; 42) | |
| 500 | |a Τίτλος πρωτοτύπου: Faca au drapeau. | ||
| 650 | 0 | 0 | |a French fiction. |
| 650 | 0 | 0 | |a Fantasy fiction, Frence. |
| 700 | 1 | |a Σφαέλου - Βενιζέλου, Κ. |e trlf [Μεταφράστρια] | |
| 700 | 1 | |a Benett, Léon. | |
| 830 | 0 | |a Βιβλιοθήκη Ιουλίου Βέρν ; |v 42 | |
| 852 | |a INST |b RHODES |c KRI |e 20051215 |h 843.3 VER |p 005400030407 |q 005400030407 |t BK |y 0 | ||
| 901 | |a BIBL-2005-3 | ||
| 909 | |a Ρ |b 122797 | ||
| 970 | |a ΣΙΔΕΡΗ |b ΝΕΚΤΑΡΙΑ |z 2005/11/15 | ||